00377nam a2200133 a 4500008004100000050002100041100002500062245005100087260000900138300001000147350000900157650005900166700001800225120416s2002 xx |||||||||||||| || u aQP 519.9.F56 Fis aRautenstrauss, Bernd10aFish technologycedited by Bernd Rautenstrauss c2002 a: ill a0.00 aFluorescence in situ hybridization--Laboratory manuals aLiehr, Thomas